Sports Quiz

Random Sports or MLB Quiz

MLB All-Star with 4 Teams Quiz Stats

Quiz Updated Nov 1, 2017

Challenge
Share
Tweet
Embed
Score 0/13 Timer 04:00
3 Plays Today
Teams Player % Correct
4: Red Sox, Blue Jays, Yankees, AstrosRoger Clemens
72.2%
4: Astros, Mets, Cardinals, YankeesCarlos Beltran
68.7%
4: Yankees, Rangers, Nationals, CubsAlfonso Soriano
58.3%
5: Padres, Marlins, Dodgers, Braves, YankeesGary Sheffield
57.9%
4: Indians, Angels, Athletics, MetsBartolo Colon
54%
4: Padres, Orioles, Blue Jays, IndiansRoberto Alomar
48.4%
5: Expos, Marlins, Astros, Cubs, GiantsMoises Alou
43.7%
4: Cubs, Cardinals, Orioles, AngelsLee Smith
28.3%
4: Rangers, Marlins, Padres, DodgersKevin Brown
26.7%
4: Astros, Phillies, Mets, BravesBilly Wagner
22.9%
4: White Sox, Pirates, Yankees, PadresRich Gossage
15.9%
4: Tigers, Red Sox, White Sox, OriolesGeorge Kell
3.9%
4: Cardinals, Giants, Reds, BravesWalker Cooper
3%

You're not logged in!

Compare scores with friends on all Sporcle quizzes.
Sign Up with Email
OR
Log In

You Might Also Like...

Show Comments

Extras

Top Quizzes Today


Score Distribution

Your Account Isn't Verified!

In order to create a playlist on Sporcle, you need to verify the email address you used during registration. Go to your Sporcle Settings to finish the process.